パワプロ2024のモード - Statistics

General Stats
  • This quiz has been taken 28 times
  • The average score is 9 of 22
Answer Stats
答え % Correct
サクセス
91%
対戦
86%
栄冠ナイン
73%
ペナント
73%
マイライフ
73%
設定
68%
パワフェスアドベンチャー
50%
選手データ
45%
アレンジ
36%
練習
36%
チャンピオンシップ
36%
大会
36%
LIVEシナリオ
36%
対決!レジェンドバトル
23%
新球種開発
23%
LIVE選手
23%
LIVEチーム
23%
パワプロショップ
18%
サウンド
18%
パワプロ辞典
18%
パワプロコレクション
14%
ホームランアタック
14%
No matching quizzes found
Score Distribution
Percent of People with Each Score
Percentile by Number Answered
Your Score History
You have not taken this quiz